| 000 | 00311 a2200121 4500 | ||
|---|---|---|---|
| 999 |
_c306391 _d306391 |
||
| 001 | 71318 | ||
| 003 | NUST | ||
| 005 | 20180119122917.0 | ||
| 008 | 180119b xxu||||| |||| 00| 0 eng d | ||
| 020 | _a1585030821 | ||
| 082 | _a005.15135 LAW | ||
| 100 |
_aKent L Lawrence _99079 |
||
| 245 |
_aANSYS Tutorial Release 7.0 _hEnglish _cKent L Lawrence |
||
| 260 |
_aUSA _bSDC _c06/2003 |
||
| 942 |
_aCAE NUST _cBK _k005.15135 LAW _2ddc |
||